000 00651nam a2200265Ia 4500
005 20260121170355.0
008 008 260114s9999 xx 000 0 eng d
020 _a9789462652255
037 _aEBOOK
040 _aCRL
040 _beng
040 _cCRL
041 _2eng
041 _aeng
084 _qCRL
100 _aNasour Koursami
_91063095
245 4 _aThe 'Contextual Elements' of the Crime of Genocide
260 _bSpringer
260 _bSpringer
260 _c2018
856 _uhttps://link.springer.com/openurl?genre=book&isbn=978-94-6265-225-5
942 _cEBOOK
999 _c1628824
_d1628824